000 00659nam a2200277Ia 4500
005 20260324131502.0
008 008 260324s9999 xx 000 0 eng d
020 _a9781003133667
037 _aEBOOK
040 _aCRL
040 _beng
040 _cCRL
041 _2eng
041 _aeng
084 _qCRL
100 _aJules Janssens
_91185695
245 0 _aIbn Sina and his Influence on the Arabic and Latin World
260 _bTaylor and Francis
260 _c2006
365 _a
365 _b230
856 _uhttp://www.taylorfrancis.com/books/9781003133667
942 _cEBOOK
999 _c1782883
_d1782883